Obchodní jednání a národní zvyklosti: Irsko
Obchodné rokovania, pracovné návyky, vzťahy medzi ľuďmi. Verbálna a neverbálna komunikácia, význam času. Obliekanie, stolovanie, viera. Historický rámec Írska a iné osobitosti.
Salvato in:
| Autore principale: | |
|---|---|
| Natura: | Capitolo di libro |
| Lingua: | ceco |
| Soggetti: | |
| Tags: |
Nessun Tag, puoi essere il primo ad aggiungerne!!
|
MARC
| LEADER | 00000naa a2200000 4500 | ||
|---|---|---|---|
| 001 | r047846 | ||
| 005 | 20230908091448.4 | ||
| 041 | 0 | |a cze | |
| 044 | |a CZ | ||
| 245 | 1 | 0 | |a Obchodní jednání a národní zvyklosti: Irsko |c Václav Žilka |
| 520 | |a Obchodné rokovania, pracovné návyky, vzťahy medzi ľuďmi. Verbálna a neverbálna komunikácia, význam času. Obliekanie, stolovanie, viera. Historický rámec Írska a iné osobitosti. | ||
| 610 | 2 | 0 | |a rokovania obchodné |
| 610 | 2 | 0 | |a partneri obchodní |
| 610 | 2 | 0 | |a Írsko |
| 610 | 2 | 0 | |a zvyklosti obchodné |
| 610 | 2 | 0 | |a komunikácia |
| 610 | 2 | 0 | |a stolovanie |
| 610 | 2 | 0 | |a náboženstvo |
| 610 | 2 | 0 | |a dejiny |
| 100 | 1 | |a Žilka, Václav | |